عرض عادي
عرض مارك
- International Conference on Digital Enterprise Technology
مدخل إسم مؤتمر
001 - رقم الضبط
- حقل الضبط: 16082
003 - معرف رقم الضبط
- حقل الضبط: OSt
005 - تاريخ ووقت أخر عملية
- حقل الضبط: 20120623133736.0
008 - عناصر بيانات ثابتة الطول
- حقل تحكم ثابت الطول: 120623|||a|||||| | ||| d
040 ## - مصدر الفهرسة
- هيئة الفهرسة الأصلية: OSt
- وكالة الكتابة: OSt
111 ## - مدخل -- اسم مؤتمر
- اسم الملتقي او اسم السلطه كعنصر مدخل: International Conference on Digital Enterprise Technology
- رقم الجزء / القسم/ الملتقي: (6th :
- تاريخ المؤتمر: 2009 :
- مكان الملتقي: Hong Kong, China)
670 ## - بيانات المصدر موجوده
- الاستشهاد بالمصدر: Work cat.: (OSt)0: International Conference on Digital Enterprise Technology (6th : 2009 : Hong Kong, China), Proceedings of the 6th CIRP-sponsored International Conference on Digital Enterprise Technology, 2010.
